Mary's Song (Oh My My My) - Taylor Swift (All Lyrics) - Statistics

General Stats
  • This quiz has been taken 173 times
    158 since last reset
  • The average score is 304 of 331
Answer Stats
Lyrics % Correct
I
100%
"I
100%
"Oh,
100%
Oh,
100%
"Oh
100%
oh,
100%
we
100%
We
100%
A
99%
In
99%
in
99%
my,
99%
my"
99%
my
99%
the
99%
The
99%
to
99%
were
99%
where
99%
you
99%
You
99%
and
98%
And
98%
me
98%
me,
98%
said
98%
said,
98%
Said
98%
us
98%
was
98%
2
96%
at
96%
back
96%
be
96%
love
96%
of
96%
our
96%
Our
96%
Take
96%
two
96%
about
95%
did,
95%
did
95%
fall
95%
like
95%
look
95%
looked
95%
never
95%
nine
95%
seven
95%
shine
95%
sky,
95%
stars
95%
that
95%
used
95%
joke
94%
mamas
94%
on
94%
tree
94%
up
94%
up,
94%
when
94%
your
94%
eyes
93%
She
93%
shined
93%
still
93%
you'd
93%
do,"
91%
Just
91%
kiss
91%
one
91%
rolled
91%
their
91%
time
91%
time,
91%
too
91%
believed
90%
bigger
90%
falling
90%
first
90%
had
90%
pretty
90%
really
90%
than
90%
very
90%
we'd
90%
beat
89%
daddies
89%
eighty-nine
89%
eighty-seven
89%
Growing
89%
house
89%
light
89%
sixteen
89%
AM
88%
backyard
88%
cried
88%
I'll
88%
kids,
88%
see
88%
suddenly
88%
They
88%
fight
86%
girl
86%
knee
86%
lights
86%
ran
86%
smiled
86%
tried
86%
you'll
86%
dared
85%
little
85%
wasn't
85%
But
84%
down
84%
got
84%
all
83%
outside
83%
porch
83%
stayed
81%
town
80%
years
80%
doors
79%
front
79%
morning
79%
slamming
79%
truck
79%
walked
79%
aisle
78%
goodnight
78%
kissing
78%
'til
78%
Well,
78%
We'll
78%
few
76%
whole
76%
world
76%
came
75%
spot
75%
favorite
74%
rock
74%
home
73%
is
73%
next
73%
babies
71%
come
71%
gone
71%
riding
71%
so
71%
sitting
70%
need
69%
around
68%
many
66%
this
66%
wide
64%
before
63%
block
63%
met
61%
After
60%
creek
60%
'stead
56%
turned
50%
beds
48%
No matching quizzes found
Score Distribution
Percent of People with Each Score
Percentile by Number Answered
Your Score History
You have not taken this quiz since the last reset